Modelling and analysis of data disclosure risk /
Saved in:
| Main Author: | |
|---|---|
| Format: | Thesis Book |
| Language: | English |
| Published: |
2005.
|
| Subjects: | |
| Tags: |
Add Tag
No Tags, Be the first to tag this record!
|
| LEADER | 00815cam a2200229 a 4500 | ||
|---|---|---|---|
| 001 | u728076 | ||
| 003 | SIRSI | ||
| 005 | 200609261456 | ||
| 008 | 060926s2005 my t 000 0 eng m | ||
| 040 | |a UMM | ||
| 090 | |a QA3 |b UM 2005 Sim | ||
| 100 | 1 | 0 | |a Sim, Shin Zhu. |
| 245 | 1 | 0 | |a Modelling and analysis of data disclosure risk / |c Sim Shin Zhu. |
| 260 | |c 2005. | ||
| 300 | |a vi, 85 leaves : |b ill. ; |c 30 cm. | ||
| 502 | |a Dissertation (M.Sc.) -- Institut Sains Matematik, Fakulti Sains, Universiti Malaya, 2006. | ||
| 504 | |a Bibliography: leaves 83-85. | ||
| 650 | 0 | |a Data protection |x Mathematical models. | |
| 710 | 2 | 0 | |a Universiti Malaya. |b Institut Sains Matematik. |
| 900 | |a SK | ||
| 596 | |a 1 | ||
| 999 | |a QA3 UM 2005 SIM |w LC |c 1 |i A512813235 |d 2/4/2013 |e 2/4/2013 |f 15/11/2006 |g 1 |l STACKS |m P01UTAMA |n 1 |r Y |s Y |t TESIS |u 15/11/2006 | ||
